Reglamento [de la Universidad de Guadalajara] /

Guardat en:
Dades bibliogràfiques
Autor corporatiu: Universidad de Guadalajara
Format: Llibre
Idioma:espanyol
Publicat: Guadalajara, México : Universidad de Guadalajara, Escuela de Graduados, 1973
Etiquetes: Afegir etiqueta
Sense etiquetes, Sigues el primer a etiquetar aquest registre!

MARC

LEADER 00000nam^a2200000^a^4500
001 000555839
005 20250526000000.0
009 20260310131727.781
037 |a Acervo ITESO - Biblioteca 
041 |a ESP 
091 |a FHA. 01141 
110 |a Universidad de Guadalajara 
245 1 0 |a Reglamento [de la Universidad de Guadalajara] / 
264 1 |a Guadalajara, México :  |b Universidad de Guadalajara, Escuela de Graduados,  |c 1973 
300 |a 39 p. ;  |c 16.5 cm. 
336 |a texto  |b txt  |2 rdacontenido 
337 |a sin mediación  |b n  |2 rdamedio 
338 |a volumen  |b nc  |2 rdasoporte 
515 |a Inventario familia Hartung: 1444 
649 |a XX 
910 |a Fondo Horst Hartung Franz 
920 |a Impresos - Libros 
930 |a Libros Antiguos y Raros 
905 |a 135 
901 |a 0500334057  |b IT2  |c LRA  |i D  |u 20250526 
902 |a https://opac.biblio.iteso.mx/vufind/Record/000555839